Úmrtnostní tabulky nezávislé na pohlaví pro ČR (unisex tabulky) a důsledky pro pojistně-matematické výpočty

Príspevok do diskusie o zrušení rozdielnych sadzieb životného poistenia pre mužov a ženy, prezentuje úmrtnostné tabuľky nezávislé na pohlaví v ČR vytvorené rovnakou metodikou, akú používa Český štatistický úrad pre konštrukciu mužských a ženských úmrtnostných tabuliek. Aplikácia výsledkov v komerčn...

Descrizione completa

Salvato in:
Dettagli Bibliografici
Autore principale: Smetana, Petr
Altri autori: Cipra, Tomáš
Natura: Capitolo di libro
Lingua:ceco
Soggetti:
Tags: Aggiungi Tag
Nessun Tag, puoi essere il primo ad aggiungerne!!

MARC

LEADER 00000naa$a2200000$$$4500
001 0030295
005 20230927101839.3
041 0 |a cze 
044 |a CZ 
245 1 0 |a Úmrtnostní tabulky nezávislé na pohlaví pro ČR (unisex tabulky) a důsledky pro pojistně-matematické výpočty  |c Petr Smetana, Tomáš Cipra 
520 |a Príspevok do diskusie o zrušení rozdielnych sadzieb životného poistenia pre mužov a ženy, prezentuje úmrtnostné tabuľky nezávislé na pohlaví v ČR vytvorené rovnakou metodikou, akú používa Český štatistický úrad pre konštrukciu mužských a ženských úmrtnostných tabuliek. Aplikácia výsledkov v komerčnom poistení. Porovnanie netto poistného bez rozdielu pohlaví. Zmiešané životné poistenie. Rizikové životné poistenie. Dôchodkové životné poistenie. 
610 2 0 |a tabuľky štatistické 
610 2 0 |a úmrtnosť 
610 2 0 |a vzťahy genderové 
610 2 0 |a Česko 
610 2 0 |a muži 
610 2 0 |a ženy 
610 2 0 |a matematika poistná 
610 2 0 |a poistenie životné 
610 2 0 |a poistenie rizikové 
610 2 0 |a poistenie dôchodkové 
100 1 |a Smetana, Petr 
700 1 |a Cipra, Tomáš